02403nam a2200493 a 450000100060000000300090000600800410001502000180005604000280007404100080010224502670011025000230037726000480040030000220044849000150047065000270048565000390051265000260055170000210057770000220059870000360062070000360065670000210069270000260071370000250073970000730076470000320083770000180086970000360088770000210092370000290094470000300097370000240100370000220102770000230104970000300107270000180110270000210112070000170114170006480115870000290180670000450183570000290188025591CO-ViMGA141112s2004 ck r 000 u spa d a9789588319995 aCO-ViMGAbspacCO-ViMGA aSPA10aDiario de Adán y Eva y otras historias dignas de recordar / ccompiladoras Norma Idárraga Hernández, Mónica López Echeverry ; ilustraciones Oscar Darío Villota Cuásquer, Paola Fernanda López Valencia ; traductores Pablo Rolando Arango... [et al.] a2a ed., 1a reimpr. aManizales : bUniversidad de Caldas, c2013 a270 p. : il. col. aLuminautas14aCUENTOS - COLECCIONES 14aNOVELA ESTADOUNIDENSE - SIGLO XIX 14aPOESIAS - COLECCIONES1 aBarrett, Rafael 1 aDarío, Rubén 1 aDíaz - Granados, José Luis 1 aFernández de Moratin, Leandro1 aFlórez, Julio 1 aGarcilaso de la Vega 1 aHinojosa, Francisco 1 aIdárraga Hernández, Norma Constanza López Echeverry, Mónica 1 aJaramillo Agudelo, Darío 1 aLondon, Jack 1 aLope de Vega y Carpio, Félix 1 aMartí, José 1 aMejía Rivera, Orlando 1 aMéndez Camacho, Miguel 1 aPeza, Juan de Dios 1 aPoe, Edgar Allan 1 aQuessep, Giovanni 1 aSilva, José Asunción 1 aStoker, Bram 1 aSwift, Jonathan 1 aTwain, Mark 1 aTwain, Mark, 1835 - 1910 Hinojosa, Francisco, 1954 - Poe, Edgar Allan, 1809 - 1849 Vélez Sáenz, José London, Jack, 1876 - 1916 Mejía Rivera, Orlando, 1961 - Stoker, Bram, 1847 - 1912 Barrett, Rafael Swift, Jonathan, 1667 - 1745 Garcilaso de la Vega, 1539 - 1616 Lope de Vega y Carpio, Félix Peza, Juan de Dios Martí, José, 1853 - 1895 Silva, José Asunción, 1865 - 1896 Darío, Rubén, 1867 - 1916 Flórez, Julio, 1867 - 1923 Quessep, Giovanni, 1939 - Méndez Camacho, Miguel, 1942 - Díaz - Granados, José Luis, 1946 - Jaramillo Agudelo, Darío, 1947 - Zapata Arias, Flóbert, 1958 - Fernández de Moratin, Leandro 1 aVélez Sáenz, José 1 aVillota, Óscar Darío López, Paola 1 aZapata Arias, Flóbert